00778nam a2200241 i 4500001000700000003000900007005001700016008004100033080001100074080001100085100002600096245013600122250001200258260003900270300004100309490003000350504003200380650002000412650001300432700002400445830003000469852003700499186987ES-MaACL20230906222806.0170322s1969 xxuao |||| |deng d a159.96 a612.821 aDelgado, José M. R.10aPhysical control of the mind b: toward a psychocivilized society /cJosé M.R. Delgado ; planned and edited by Ruth Nanda Anshen. a1st ed. aNew York : bHarper & Row, c1969. aXXI, 280 p. : bil., fot. ; c23 cm.1 aWorld perspectives ; v41 aBibliografía: p. 263-280.04aMente y cuerpo. 4aCerebro.1 aAnshen, Ruth Nanda.0 aWorld perspectives ; v41 aES-MaACLjC-53435 z- enc. cart.